[Event "Manizales Feria op 29th"]
[Site "Manizales"]
[Date "2024.01.08"]
[Round "6"]
[White "Zuluaga, Nicolas"]
[Black "Morales, Diana Marcela"]
[Result "1/2-1/2"]
[WhiteElo "1611"]
[BlackElo "1854"]
[PlyCount "103"]
[EventDate "2024.01.05"]
[EventType "swiss"]
[EventRounds "7"]
[EventCountry "COL"]
[SourceTitle "CB02_2024"]
[SourceDate "2024.01.10"]
[SourceVersion "1"]
[SourceVersionDate "2024.01.10"]
[SourceQuality "1"]

1. d4 Nf6 2. Nf3 e6 3. c4 d5 4. Nc3 Bb4 5. cxd5 exd5 6. Bg5 c6 7. a3 Bxc3+ 8. bxc3 Qa5 9. Qb3 Ne4 10. Rc1 Nd7 11. Qb4 Qxb4 12. axb4 b5 13. Bf4 a5 14. bxa5 Rxa5 15. Ng5 Nxg5 16. Bxg5 0-0 17. Be7 Re8 18. Bb4 Ra2 19. e3 f5 20. h4 f4 21. Rh3 Nf6 22. Rf3 fxe3 23. Rxe3 Rxe3+ 24. fxe3 Ng4 25. e4 Ne3 26. exd5 Nxd5 27. g3 Bg4 28. Bd6 Ne3 29. Bd3 Rh2 30. Rb1 Rh1+ 31. Kf2 Rxb1 32. Bxb1 Nd1+ 33. Ke1 Nxc3 34. Bd3 Kf7 35. Kd2 Na4 36. Be4 Nb6 37. Kc3 Bd7 38. Kb4 h6 39. Bf4 Ke6 40. Bxc6 Bxc6 41. Kc5 b4 42. Kxb6 Kd5 43. Bc1 Bd7 44. Bb2 h5 45. Ka5 Kc4 46. d5 g6 47. d6 Kc5 48. Bc1 Bf5 49. Bb2 Bd7 50. Bc1 Bf5 51. Be3+ Kxd6 52. Kxb4 1/2-1/2

[Event "Manizales Feria op 29th"]
[Site "Manizales"]
[Date "2024.01.06"]
[Round "3"]
[White "Morales, Diana Marcela"]
[Black "Lopez Perdomo, Juan David"]
[Result "1-0"]
[WhiteElo "1854"]
[BlackElo "2029"]
[PlyCount "118"]
[EventDate "2024.01.05"]
[EventType "swiss"]
[EventRounds "7"]
[EventCountry "COL"]
[SourceTitle "CB02_2024"]
[SourceDate "2024.01.10"]
[SourceVersion "1"]
[SourceVersionDate "2024.01.10"]
[SourceQuality "1"]

1. c4 e6 2. Nf3 Nf6 3. b3 d6 4. Nc3 b6 5. d4 Bb7 6. Qc2 a6 7. e4 Nbd7 8. h3 Be7 9. Be2 0-0 10. 0-0 Ne8 11. Rd1 Rc8 12. Be3 c6 13. Rac1 Qc7 14. Nh2 f5 15. exf5 exf5 16. Bd3 g6 17. Bh6 Ng7 18. Re1 Bf6 19. Nf3 Rfe8 20. Bg5 Bxg5 21. Nxg5 Nf6 22. Qd2 Qd7 23. Na4 Qc7 24. Rxe8+ Rxe8 25. Re1 Qd8 26. Rxe8+ Nfxe8 27. Qe3 b5 28. Nc3 Qf6 29. Ne2 Bc8 30. cxb5 cxb5 31. a4 Nc7 32. axb5 axb5 33. Qc1 Qd8 34. Qc6 Nge8 35. Nf3 Bd7 36. Qc1 Kg7 37. Nf4 Ne6 38. Nxe6+ Bxe6 39. Bxb5 Bxb3 40. Bxe8 Qxe8 41. Qc7+ Qf7 42. Qxd6 Bd5 43. Ng5 Qb7 44. Ne6+ Bxe6 45. Qxe6 Qb1+ 46. Kh2 Qb8+ 47. Qe5+ Qxe5+ 48. dxe5 f4 49. g3 f3 50. g4 Kf7 51. Kg3 Ke6 52. Kxf3 Kxe5 53. g5 Kf5 54. h4 Ke5 55. Ke3 Kf5 56. Kf3 Ke5 57. Kg4 Ke4 58. f4 Ke3 59. f5 Kd4 1-0

[Event "COL-chT (Women)"]
[Site "Risaralda"]
[Date "2023.11.21"]
[Round "5.1"]
[White "Onate, Ana Milena"]
[Black "Morales, Diana Marcela"]
[Result "1/2-1/2"]
[WhiteElo "1756"]
[BlackElo "1836"]
[PlyCount "81"]
[EventDate "2023.11.19"]
[EventType "team-swiss"]
[EventRounds "7"]
[EventCountry "COL"]
[SourceTitle "CB49_2023"]
[SourceDate "2023.12.06"]
[SourceVersion "1"]
[SourceVersionDate "2023.12.06"]
[SourceQuality "1"]
[WhiteTeam "La Guajira (W)"]
[BlackTeam "Caldas (W)"]
[WhiteTeamCountry "COL"]
[BlackTeamCountry "COL"]

1. d4 d5 2. c4 e6 3. Nf3 a6 4. cxd5 exd5 5. Qc2 Bb4+ 6. Bd2 Bxd2+ 7. Nbxd2 Nf6 8. e3 Nc6 9. Bd3 0-0 10. a3 Re8 11. 0-0 h6 12. Rac1 Re7 13. b4 Qd6 14. Rfe1 Be6 15. Nh4 Ng4 16. g3 Rae8 17. Ndf3 Nf6 18. Qa4 Qd7 19. b5 Nb8 20. Ne5 Qc8 21. bxa6 Nxa6 22. Bxa6 bxa6 23. Rc6 Nd7 24. Qxa6 Qxa6 25. Rxa6 Nxe5 26. dxe5 c5 27. Rb6 Ra7 28. Ra1 c4 29. a4 Rea8 30. Rb4 Ra5 31. Nf3 Bd7 32. Nd4 Rxa4 33. Rbxa4 Rxa4 34. Rxa4 Bxa4 35. Ne2 Bd1 36. Nc3 Bf3 37. Kf1 Kf8 38. Ke1 Ke7 39. Nb5 Be4 40. f4 f6 41. exf6+ 1/2-1/2

[Event "COL-chT (Women)"]
[Site "Risaralda"]
[Date "2023.11.19"]
[Round "1.1"]
[White "Causil Pastrana, Xiomara Rosa"]
[Black "Morales, Diana Marcela"]
[Result "0-1"]
[WhiteElo "1236"]
[BlackElo "1836"]
[PlyCount "48"]
[EventDate "2023.11.19"]
[EventType "team-swiss"]
[EventRounds "7"]
[EventCountry "COL"]
[SourceTitle "CB49_2023"]
[SourceDate "2023.12.06"]
[SourceVersion "1"]
[SourceVersionDate "2023.12.06"]
[SourceQuality "1"]
[WhiteTeam "Cordoba (W)"]
[BlackTeam "Caldas (W)"]
[WhiteTeamCountry "COL"]
[BlackTeamCountry "COL"]

1. e4 e6 2. Nf3 d5 3. exd5 exd5 4. d4 Nf6 5. Bd3 Bd6 6. 0-0 0-0 7. Bg5 h6 8. Bh4 Bg4 9. h3 Be6 10. Ne5 c5 11. c3 Nc6 12. Re1 cxd4 13. Nxc6 bxc6 14. cxd4 g5 15. Bg3 Bxg3 16. fxg3 Qb6 17. Nc3 Qxd4+ 18. Kh2 Kg7 19. Qc2 Qc5 20. Qe2 Qd6 21. Qf3 Rab8 22. Rf1 Bd7 23. Rf2 g4 24. Qe2 Nh5 0-1

[Event "COL-chT (Women)"]
[Site "Risaralda"]
[Date "2023.11.19"]
[Round "2.1"]
[White "Morales, Diana Marcela"]
[Black "Argote Heredia, Valentina"]
[Result "1/2-1/2"]
[WhiteElo "1836"]
[BlackElo "2200"]
[PlyCount "35"]
[EventDate "2023.11.19"]
[EventType "team-swiss"]
[EventRounds "7"]
[EventCountry "COL"]
[SourceTitle "CB49_2023"]
[SourceDate "2023.12.06"]
[SourceVersion "1"]
[SourceVersionDate "2023.12.06"]
[SourceQuality "1"]
[WhiteTeam "Caldas (W)"]
[BlackTeam "Valle (W)"]
[WhiteTeamCountry "COL"]
[BlackTeamCountry "COL"]

1. c4 Nf6 2. g3 e6 3. Bg2 c5 4. e3 d5 5. Ne2 Nc6 6. 0-0 d4 7. d3 Be7 8. e4 e5 9. f4 exf4 10. gxf4 0-0 11. Ng3 Ng4 12. Rf3 Ne3 13. Bxe3 dxe3 14. Rxe3 f5 15. Nc3 fxe4 16. Rxe4 Bf6 17. Qe2 Nd4 18. Qh5 1/2-1/2

[Event "COL-ch (Women)"]
[Site "Boyaca"]
[Date "2022.08.18"]
[Round "4"]
[White "Melgarejo Suarez, Aritna Valentina"]
[Black "Morales, Diana Marcela"]
[Result "1-0"]
[WhiteElo "1398"]
[BlackElo "1885"]
[PlyCount "94"]
[EventDate "2022.08.17"]
[EventType "swiss"]
[EventRounds "9"]
[EventCountry "COL"]
[SourceTitle "CBM 210 Extra"]
[Source "ChessBase"]
[SourceDate "2022.11.30"]
[SourceVersion "1"]
[SourceVersionDate "2022.11.30"]
[SourceQuality "1"]

1. e4 e5 2. Nf3 Nf6 3. Nxe5 d6 4. Nf3 Nxe4 5. Qe2 Qe7 6. d3 Nf6 7. Bg5 Be6 8. Nc3 h6 9. Bh4 g5 10. Bg3 Nc6 11. 0-0-0 Bg7 12. h3 Nh5 13. d4 Nxg3 14. fxg3 d5 15. Qb5 0-0 16. Nxd5 Bxd5 17. Qxd5 Rad8 18. Qf5 Nxd4 19. Nxd4 Bxd4 20. Bd3 f6 21. Rhe1 Be5 22. h4 Rfe8 23. hxg5 Bxb2+ 24. Kb1 Be5 25. Qg6+ Qg7 26. gxh6 Qxg6 27. Bxg6 Rxd1+ 28. Rxd1 Rf8 29. Rd7 Bxg3 30. Kb2 Be5+ 31. Kb3 Bd6 32. g4 Rc8 33. Kc4 Bf4 34. h7+ Kh8 35. Kd5 c6+ 36. Ke6 c5 37. Kxf6 Rf8+ 38. Ke6 Bg5 39. Rf7 Rxf7 40. Kxf7 b5 41. Ke6 a5 42. Kd5 Be3 43. Kc6 b4 44. Kb5 Kg7 45. Kxa5 Bd4 46. Kb5 Kxg6 47. Ka5 Kg7 1-0

[Event "Manizales Departamental-ch (Women) 2nd"]
[Site "Manizales"]
[Date "2022.07.14"]
[Round "1"]
[White "Morales, Diana Marcela"]
[Black "Gomez Saenz, Manuela"]
[Result "1-0"]
[WhiteElo "1882"]
[BlackElo "1478"]
[PlyCount "73"]
[EventDate "2022.07.14"]
[EventType "tourn"]
[EventRounds "7"]
[EventCountry "COL"]
[SourceTitle "EXT 2024"]
[Source "ChessBase"]
[SourceDate "2023.10.10"]
[SourceVersion "1"]
[SourceVersionDate "2023.10.10"]
[SourceQuality "1"]

1. c4 Nf6 2. e3 g6 3. Nc3 Bg7 4. Nf3 Nc6 5. d4 d6 6. d5 Nb8 7. e4 Nbd7 8. Be2 a5 9. Qc2 Nc5 10. h3 c6 11. Be3 Nfd7 12. Bd4 Nf6 13. 0-0 Ncd7 14. Rfd1 0-0 15. Rac1 c5 16. Be3 Ne8 17. Qd2 Ne5 18. Nh2 f5 19. f4 Nf7 20. exf5 Bxf5 21. g4 Bd7 22. Bd3 Qc8 23. Rf1 h5 24. Qg2 Nh6 25. Bxg6 hxg4 26. h4 Nf5 27. Bf2 g3 28. Bxg3 Ne3 29. Qe2 Nxf1 30. Rxf1 e6 31. Ne4 exd5 32. Qh5 Nf6 33. Nxf6+ Rxf6 34. f5 Be8 35. Ng4 Kf8 36. Nxf6 Bxf6 37. Bxd6+ 1-0

[Event "Manizales Las Americas blitz op"]
[Site "Manizales"]
[Date "2021.10.23"]
[Round "8"]
[White "Ardila, Oscar Humberto"]
[Black "Morales, Diana Marcela"]
[Result "1-0"]
[WhiteElo "1715"]
[BlackElo "1775"]
[PlyCount "82"]
[EventDate "2021.10.23"]
[EventType "swiss (blitz)"]
[EventRounds "11"]
[EventCountry "COL"]
[SourceTitle "CBM 205 Extra"]
[Source "ChessBase"]
[SourceDate "2022.01.31"]
[SourceVersion "1"]
[SourceVersionDate "2022.01.31"]
[SourceQuality "1"]

1. e4 e6 2. d4 d5 3. e5 c5 4. Nf3 Qb6 5. Nc3 cxd4 6. Nxd4 Bc5 7. Bb5+ Bd7 8. Be3 Bxd4 9. Bxd4 Qa5 10. Qd3 Ne7 11. 0-0 Nbc6 12. Bxc6 Nxc6 13. Nb5 0-0 14. Nd6 Nxd4 15. Qxd4 Bc6 16. b4 Qa4 17. c3 Rad8 18. Rab1 a6 19. b5 Qxd4 20. cxd4 axb5 21. Nxb5 Ra8 22. Nc3 Ra3 23. Rb3 Rfa8 24. Rfb1 Kf8 25. f4 Ke7 26. Kf2 Kd7 27. Ke3 Kc7 28. g4 g6 29. h4 Rxb3 30. axb3 Kb6 31. f5 Ra3 32. fxe6 fxe6 33. Ne2 Ba4 34. Nc1 Ka5 35. Kd2 Bb5 36. Kc3 Bf1 37. Kb2 Kb4 38. Na2+ Rxa2+ 39. Kxa2 Bd3 40. Rc1 Bc2 41. Ra1 Bf5 1-0

[Event "Manizales Las Americas blitz op"]
[Site "Manizales"]
[Date "2021.10.23"]
[Round "11"]
[White "Lopez Londono, Alejandro"]
[Black "Morales, Diana Marcela"]
[Result "1-0"]
[WhiteElo "1680"]
[BlackElo "1775"]
[PlyCount "52"]
[EventDate "2021.10.23"]
[EventType "swiss (blitz)"]
[EventRounds "11"]
[EventCountry "COL"]
[SourceTitle "CBM 205 Extra"]
[Source "ChessBase"]
[SourceDate "2022.01.31"]
[SourceVersion "1"]
[SourceVersionDate "2022.01.31"]
[SourceQuality "1"]

1. d4 d5 2. c4 e6 3. Nc3 Nf6 4. cxd5 exd5 5. Bg5 Be7 6. Qc2 c6 7. e3 Nbd7 8. Nf3 0-0 9. Bd3 h6 10. Bh4 c5 11. b3 cxd4 12. Nxd4 Ne5 13. Be2 Bg4 14. 0-0 Rc8 15. Bxg4 Nexg4 16. Qd3 Ne5 17. Qd2 Qa5 18. Ne4 Qxd2 19. Nxd2 Ng6 20. Bg3 Bb4 21. N2f3 Ne4 22. Rfc1 Bc3 23. Rab1 Nxg3 24. hxg3 a6 25. b4 Rc4 26. b5 Rfc8 1-0

[Event "COL-chT 21st"]
[Site "Cartagena"]
[Date "2019.11.30"]
[Round "6.1"]
[White "Cardona Martinez, Lina Sofia"]
[Black "Morales, Diana Marcela"]
[Result "1-0"]
[WhiteElo "1905"]
[BlackElo "1815"]
[PlyCount "61"]
[EventDate "2019.11.30"]
[EventType "team-swiss"]
[EventRounds "9"]
[EventCountry "COL"]
[SourceTitle "CBM 195 Extra"]
[Source "ChessBase"]
[SourceDate "2020.05.31"]
[SourceVersion "1"]
[SourceVersionDate "2020.05.31"]
[SourceQuality "1"]
[WhiteTeam "Cauca"]
[BlackTeam "Caldas"]
[WhiteTeamCountry "COL"]
[BlackTeamCountry "COL"]

1. e4 e6 2. d4 d5 3. Bd3 dxe4 4. Bxe4 Nf6 5. Bf3 Bd6 6. Ne2 Nbd7 7. 0-0 0-0 8. g3 c6 9. Bf4 Bxf4 10. Nxf4 Qb6 11. b3 Nd5 12. Nxd5 exd5 13. Nc3 Nf6 14. Na4 Qb4 15. c3 Qd6 16. Nc5 b6 17. Nd3 Bh3 18. Re1 Rfe8 19. Qc2 Bf5 20. Qd2 Ne4 21. Bxe4 Bxe4 22. Re3 Qf6 23. Rae1 Rf8 24. Ne5 c5 25. Nd7 Qf5 26. Nxf8 Rxf8 27. Qe2 cxd4 28. cxd4 Qf6 29. f3 Bg6 30. Re5 Rc8 31. Re8+ 1-0

[Event "COL-chT 21st"]
[Site "Cartagena"]
[Date "2019.11.30"]
[Round "3.1"]
[White "Morales, Diana Marcela"]
[Black "Cespedes Galindo, Estefania"]
[Result "0-1"]
[WhiteElo "1815"]
[BlackElo "1716"]
[PlyCount "66"]
[EventDate "2019.11.30"]
[EventType "team-swiss"]
[EventRounds "9"]
[EventCountry "COL"]
[SourceTitle "CBM 195 Extra"]
[Source "ChessBase"]
[SourceDate "2020.05.31"]
[SourceVersion "1"]
[SourceVersionDate "2020.05.31"]
[SourceQuality "1"]
[WhiteTeam "Caldas"]
[BlackTeam "Tolima"]
[WhiteTeamCountry "COL"]
[BlackTeamCountry "COL"]

1. d4 Nf6 2. c4 e6 3. a3 b6 4. Nc3 Bb7 5. Nf3 Be7 6. Bf4 d6 7. h3 0-0 8. e3 Re8 9. Be2 Nbd7 10. 0-0 Bf8 11. e4 Nxe4 12. Qc2 Nxc3 13. Qxc3 e5 14. dxe5 dxe5 15. Nxe5 Nxe5 16. Bxe5 Qe7 17. f4 f6 18. Bh5 fxe5 19. Bxe8 Rxe8 20. fxe5 Qg5 21. Qc2 Bc5+ 22. Kh1 Qg3 23. Rf3 Bxf3 24. gxf3 Qxf3+ 25. Qg2 Qxg2+ 26. Kxg2 Rxe5 27. b4 Bd6 28. Rd1 Kf7 29. Kf3 Rh5 30. Kg4 Re5 31. Kf3 Rg5 32. Ke4 Ke6 33. Re1 Re5+ 0-1

[Event "COL-chT 21st"]
[Site "Cartagena"]
[Date "2019.11.30"]
[Round "1.1"]
[White "Morales, Diana Marcela"]
[Black "Pachon Gutierrez, Adriana Paola"]
[Result "0-1"]
[WhiteElo "1815"]
[BlackElo "2068"]
[PlyCount "49"]
[EventDate "2019.11.30"]
[EventType "team-swiss"]
[EventRounds "9"]
[EventCountry "COL"]
[SourceTitle "CBM 195 Extra"]
[Source "ChessBase"]
[SourceDate "2020.05.31"]
[SourceVersion "1"]
[SourceVersionDate "2020.05.31"]
[SourceQuality "1"]
[WhiteTeam "Caldas"]
[BlackTeam "Cudinamarca"]
[WhiteTeamCountry "COL"]
[BlackTeamCountry "COL"]

1. d4 e6 2. c4 b6 3. a3 Bb7 4. Nc3 f5 5. Nf3 Nf6 6. e3 Be7 7. Bd3 0-0 8. 0-0 Qe8 9. Re1 d6 10. e4 fxe4 11. Nxe4 Nbd7 12. Neg5 e5 13. d5 Nc5 14. Bc2 h6 15. Nh3 Bc8 16. Nh4 Bg4 17. Bg6 Qd7 18. Qc2 Bxh3 19. gxh3 Qxh3 20. Ng2 Ng4 21. Re3 Qxh2+ 22. Kf1 Qh1+ 23. Ke2 Qxg2 24. Rg3 Rxf2+ 25. Ke1 0-1

[Event "COL-chT rapid (Women)"]
[Site "Cartagena"]
[Date "2019.11.29"]
[Round "2.1"]
[White "Finley Rosero, Karol Valentina"]
[Black "Morales, Diana Marcela"]
[Result "1-0"]
[WhiteElo "1635"]
[BlackElo "1787"]
[PlyCount "55"]
[EventDate "2019.11.29"]
[EventType "team-swiss"]
[EventRounds "7"]
[EventCountry "COL"]
[SourceTitle "CBM 193 Extra"]
[Source "ChessBase"]
[SourceDate "2020.01.31"]
[SourceVersion "1"]
[SourceVersionDate "2020.01.31"]
[SourceQuality "1"]
[WhiteTeam "Narino (W)"]
[BlackTeam "Caldas (W)"]
[WhiteTeamCountry "COL"]
[BlackTeamCountry "COL"]

1. e4 e5 2. Nf3 Nc6 3. Bb5 a6 4. Ba4 Nf6 5. d4 Nxe4 6. Qe2 Nf6 7. dxe5 Nd5 8. 0-0 Be7 9. Rd1 Nb6 10. Bb3 Na5 11. Nc3 Nxb3 12. axb3 0-0 13. Be3 Re8 14. Nd4 Bb4 15. Nf3 h6 16. Nd5 Nxd5 17. Rxd5 d6 18. c3 c6 19. Rd3 Bf5 20. Rd2 Ba5 21. Rxd6 Qc7 22. Rad1 Bg4 23. h3 Bh5 24. Rd7 Bxf3 25. Qxf3 Qxe5 26. Qxf7+ Kh8 27. Bd4 Qg5 28. Bxg7+ 1-0

[Event "COL-chT rapid (Women)"]
[Site "Cartagena"]
[Date "2019.11.29"]
[Round "6.1"]
[White "Morales, Diana Marcela"]
[Black "Cespedes Galindo, Estefania"]
[Result "0-1"]
[WhiteElo "1787"]
[BlackElo "1815"]
[PlyCount "60"]
[EventDate "2019.11.29"]
[EventType "team-swiss"]
[EventRounds "7"]
[EventCountry "COL"]
[SourceTitle "CBM 193 Extra"]
[Source "ChessBase"]
[SourceDate "2020.01.31"]
[SourceVersion "1"]
[SourceVersionDate "2020.01.31"]
[SourceQuality "1"]
[WhiteTeam "Caldas (W)"]
[BlackTeam "Tolima (W)"]
[WhiteTeamCountry "COL"]
[BlackTeamCountry "COL"]

1. d4 Nf6 2. c4 e6 3. a3 b6 4. Nc3 Bb7 5. Nf3 Be7 6. e3 0-0 7. Bd3 d5 8. 0-0 Nbd7 9. b3 Ne4 10. Bb2 c5 11. dxc5 bxc5 12. cxd5 exd5 13. Nd2 f5 14. f3 Nxc3 15. Bxc3 f4 16. exf4 Rxf4 17. Qc2 Rh4 18. Rfe1 Bd6 19. Nf1 Qg5 20. Qe2 Nf8 21. Bd2 Qh5 22. g3 Rh3 23. f4 Qf7 24. Qg4 Rh6 25. f5 Rh5 26. Re2 Bc8 27. Ne3 Nd7 28. Nxd5 Qxd5 29. Bc4 Qf7 30. Bd3 Bb7 0-1

[Event "COL-chT rapid (Women)"]
[Site "Cartagena"]
[Date "2019.11.29"]
[Round "1.1"]
[White "Morales, Diana Marcela"]
[Black "Pachon Gutierrez, Adriana Paola"]
[Result "0-1"]
[WhiteElo "1787"]
[BlackElo "2077"]
[PlyCount "36"]
[EventDate "2019.11.29"]
[EventType "team-swiss"]
[EventRounds "7"]
[EventCountry "COL"]
[SourceTitle "CBM 193 Extra"]
[Source "ChessBase"]
[SourceDate "2020.01.31"]
[SourceVersion "1"]
[SourceVersionDate "2020.01.31"]
[SourceQuality "1"]
[WhiteTeam "Caldas (W)"]
[BlackTeam "Cundinamarca (W)"]
[WhiteTeamCountry "COL"]
[BlackTeamCountry "COL"]

1. d4 b6 2. c4 Bb7 3. Nc3 e6 4. e4 Bb4 5. Qc2 Qh4 6. Bd3 f5 7. g3 Qh5 8. Be3 Nf6 9. f3 fxe4 10. fxe4 0-0 11. d5 exd5 12. cxd5 Kh8 13. Nge2 Qf3 14. Kd2 Ba6 15. Rae1 Bxd3 16. Qxd3 Nxe4+ 17. Kc1 Nf2 18. Qd1 Nxd1 0-1

[Event "COL-chT (Women)"]
[Site "Cartagena"]
[Date "2019.11.25"]
[Round "3.2"]
[White "Morales, Diana Marcela"]
[Black "Matta, Paola Andrea"]
[Result "0-1"]
[WhiteElo "1843"]
[BlackElo "1918"]
[PlyCount "128"]
[EventDate "2019.11.24"]
[EventType "team-swiss"]
[EventRounds "7"]
[EventCountry "COL"]
[SourceTitle "CBM 193 Extra"]
[Source "ChessBase"]
[SourceDate "2020.01.31"]
[SourceVersion "1"]
[SourceVersionDate "2020.01.31"]
[SourceQuality "1"]
[WhiteTeam "Caldas (W)"]
[BlackTeam "Risaralda (W)"]
[WhiteTeamCountry "COL"]
[BlackTeamCountry "COL"]

1. d4 Nf6 2. Nf3 e6 3. e3 b6 4. Bd3 Bb7 5. Nbd2 c5 6. b3 cxd4 7. exd4 Nd5 8. 0-0 Nf4 9. Bc4 Bb4 10. Bb2 0-0 11. c3 Be7 12. Re1 f5 13. Bf1 Qe8 14. Ne5 d6 15. Nd3 Nxd3 16. Bxd3 Qg6 17. Nf3 Na6 18. Re3 Nc7 19. Qe2 Nd5 20. Rxe6 Nf4 21. Rxg6 Nxe2+ 22. Bxe2 hxg6 23. Bc4+ Kh7 24. Re1 Bf6 25. Ba3 Rfd8 26. Re3 Bxf3 27. Rxf3 d5 28. Ba6 Re8 29. Kf1 Re6 30. Bb7 Rd8 31. Re3 Rxe3 32. fxe3 Rd7 33. Ba6 Bg5 34. Kf2 f4 35. exf4 Bxf4 36. Bb2 Rf7 37. Ke2 Bxh2 38. Bc1 Bg3 39. Be3 Bf4 40. Bxf4 Rxf4 41. Bc8 Kh6 42. Ke3 Kg5 43. c4 dxc4 44. bxc4 Rf1 45. a4 Re1+ 46. Kd3 Kf4 47. Kc3 a5 48. d5 Ke5 49. Bg4 Re3+ 50. Kd2 Ra3 51. Bd1 g5 52. g4 Kd6 53. Bc2 Rg3 54. Bd1 Kc5 55. Be2 Ra3 56. Bd3 Rxa4 57. Ke3 Ra1 58. Ke4 Rd1 59. Bc2 Rd2 60. Ba4 Rd4+ 61. Kf5 Rxc4 62. Bc6 Kd6 63. Kxg5 Rxc6 64. dxc6 a4 0-1

[Event "COL-chT (Women)"]
[Site "Cartagena"]
[Date "2019.11.24"]
[Round "1.2"]
[White "Velasquez, Angie Gabriela"]
[Black "Morales, Diana Marcela"]
[Result "1/2-1/2"]
[WhiteElo "1957"]
[BlackElo "1843"]
[PlyCount "90"]
[EventDate "2019.11.24"]
[EventType "team-swiss"]
[EventRounds "7"]
[EventCountry "COL"]
[SourceTitle "CBM 193 Extra"]
[Source "ChessBase"]
[SourceDate "2020.01.31"]
[SourceVersion "1"]
[SourceVersionDate "2020.01.31"]
[SourceQuality "1"]
[WhiteTeam "Cundinamarca (W)"]
[BlackTeam "Caldas (W)"]
[WhiteTeamCountry "COL"]
[BlackTeamCountry "COL"]

1. e4 e6 2. d4 d5 3. Nd2 dxe4 4. Nxe4 Bd7 5. c3 Bc6 6. Ng3 Nf6 7. Nf3 Nbd7 8. Be2 Bd6 9. Be3 Qe7 10. Qd2 Bxf3 11. Bxf3 c6 12. 0-0 Nb6 13. Rfe1 0-0-0 14. a4 Nfd5 15. Qd3 a5 16. Bd2 Qc7 17. Qe2 Bf4 18. b3 h5 19. Bxf4 Nxf4 20. Qe5 h4 21. Qxc7+ Kxc7 22. Ne4 Nbd5 23. g3 hxg3 24. hxg3 Ng6 25. Ng5 Rd7 26. Rac1 Rhd8 27. Bh5 Nh8 28. Re2 Re8 29. c4 Nf6 30. Bf3 Rxd4 31. Rc3 Re7 32. Be4 Nxe4 33. Nxe4 f5 34. Ng5 e5 35. Nf3 Rd1+ 36. Kg2 Nf7 37. Rce3 Kd6 38. Nh4 Nh6 39. Ng6 Ng4 40. Nxe7 Nxe3+ 41. Rxe3 Kxe7 42. Rxe5+ Kf6 43. Re3 g5 44. Kf3 Rd4 45. Ke2 Re4 1/2-1/2

[Event "COL-chT (Women)"]
[Site "Ibague"]
[Date "2017.07.21"]
[Round "6.2"]
[White "Morales, Diana Marcela"]
[Black "Corredor Agamez, Nicole Vanessa"]
[Result "1-0"]
[WhiteElo "1880"]
[BlackElo "1560"]
[PlyCount "39"]
[EventDate "2017.07.19"]
[EventType "team-swiss"]
[EventRounds "6"]
[EventCountry "COL"]
[SourceTitle "CBM 179 Extra"]
[Source "ChessBase"]
[SourceDate "2017.08.23"]
[SourceVersion "1"]
[SourceVersionDate "2017.08.23"]
[SourceQuality "1"]
[WhiteTeam "Cladas (W)"]
[BlackTeam "San Andres Isla (W)"]
[WhiteTeamCountry "COL"]
[BlackTeamCountry "COL"]

1. d4 d5 2. c4 dxc4 3. Nc3 e6 4. e4 Nc6 5. Nf3 Nf6 6. Bg5 h6 7. Be3 b5 8. Nxb5 Bb4+ 9. Nc3 Ba6 10. Qa4 Bb7 11. Bxc4 0-0 12. Qc2 Qe7 13. 0-0 e5 14. Nd5 Qd8 15. Nxf6+ Qxf6 16. d5 Na5 17. Bd3 c6 18. a3 cxd5 19. axb4 Rac8 20. Bc5 1-0

[Event "COL-chT (Women)"]
[Site "Ibague"]
[Date "2017.07.20"]
[Round "3.2"]
[White "Morales, Diana Marcela"]
[Black "Mejia Garcia, Michelle"]
[Result "1-0"]
[WhiteElo "1880"]
[BlackElo "1867"]
[PlyCount "73"]
[EventDate "2017.07.19"]
[EventType "team-swiss"]
[EventRounds "6"]
[EventCountry "COL"]
[SourceTitle "CBM 179 Extra"]
[Source "ChessBase"]
[SourceDate "2017.08.23"]
[SourceVersion "1"]
[SourceVersionDate "2017.08.23"]
[SourceQuality "1"]
[WhiteTeam "Cladas (W)"]
[BlackTeam "Risaralda (W)"]
[WhiteTeamCountry "COL"]
[BlackTeamCountry "COL"]

1. d4 Nf6 2. Nf3 e6 3. Bg5 h6 4. Bh4 d5 5. c4 Bb4+ 6. Nbd2 b6 7. cxd5 Bxd2+ 8. Qxd2 exd5 9. Qc2 Nbd7 10. Qc6 Rb8 11. Bxf6 gxf6 12. Qxd5 Bb7 13. Qf5 Qe7 14. a3 Be4 15. Qf4 Rd8 16. g3 c5 17. dxc5 Nxc5 18. Rd1 Nd3+ 19. Rxd3 Bxd3 20. e3 Bxf1 21. Kxf1 Qd6 22. Qe4+ Kd7 23. Kg2 Rc8 24. Nd4 Qe5 25. Qg4+ Kc7 26. Qf3 Qc5 27. Qxf6 Qd5+ 28. Qf3 Qxf3+ 29. Kxf3 Kb7 30. Ke4 Rhe8+ 31. Kf5 Rc5+ 32. Kf6 Rd8 33. h4 Rd6+ 34. Ke7 Rdd5 35. h5 Rxh5 36. Rxh5 Rxh5 37. Kxf7 1-0

[Event "Manizales op 26th"]
[Site "Manizales"]
[Date "2017.01.07"]
[Round "6"]
[White "Morales, Diana Marcela"]
[Black "Cuellar Canosa, Nicolas"]
[Result "0-1"]
[WhiteElo "1898"]
[BlackElo "1515"]
[PlyCount "58"]
[EventDate "2017.01.04"]
[EventType "swiss"]
[EventRounds "9"]
[EventCountry "COL"]
[SourceTitle "CBM 176 Extra"]
[Source "ChessBase"]
[SourceDate "2017.03.02"]
[SourceVersion "1"]
[SourceVersionDate "2017.03.02"]
[SourceQuality "1"]

1. d4 Nf6 2. Bg5 d5 3. e3 Nbd7 4. Nc3 c5 5. Nf3 h6 6. Bh4 g5 7. Bg3 Bg7 8. Ne5 a6 9. h4 Qb6 10. Na4 Qa5+ 11. c3 Ne4 12. Nxd7 Bxd7 13. Nxc5 Nxc5 14. dxc5 Bxc3+ 15. bxc3 Qxc3+ 16. Ke2 Bb5+ 17. Kf3 Qf6+ 18. Bf4 gxf4 19. Bxb5+ axb5 20. Qd4 e5 21. Qxd5 fxe3+ 22. Kxe3 Qf4+ 23. Ke2 Rd8 24. Qf3 Qc4+ 25. Ke1 Rd4 26. Rh3 Re4+ 27. Kd2 Ke7 28. Qc3 Qe2+ 29. Kc1 Rc4 0-1